Top 99 NFL Quarterbacks of All Time - Statistics

General Stats
  • This quiz has been taken 58 times
  • The average score is 44 of 99
Answer Stats
Rank Answer Years Active % Correct
1 Tom Brady 2000-2022
98%
2 Joe Montana 1979-1994
91%
86 Archie Manning 1971-1984
89%
24 Eli Manning 2004-2019
89%
3 Peyton Manning 1998-2015
89%
4 Patrick Mahomes 2017-Present
87%
5 Aaron Rodgers 2005-Present
84%
7 Brett Favre 1991-2010
84%
8 Drew Brees 2001-2020
82%
28 Lamar Jackson 2018-Present
82%
35 Josh Allen 2018-Present
80%
20 Matthew Stafford 2009-Present
78%
9 Steve Young 1985-1999
78%
25 Russell Wilson 2012-Present
76%
16 Ben Roethlisberger 2004-2021
73%
32 Philip Rivers 2004-2020, 2025
73%
43 Cam Newton 2011-2021
71%
59 Dak Prescott 2016-Present
71%
10 Dan Marino 1983-1999
71%
55 Andrew Luck 2012-2019
69%
83 Frank Ryan 1958-1970
67%
41 Matt Ryan 2008-2022
67%
66 Joe Burrow 2020-Present
64%
53 Joe Flacco 2008-Present
64%
6 John Elway 1983-1998
64%
63 Jared Goff 2016-Present
62%
93 Justin Herbert 2020-Present
62%
18 Kurt Warner 1998-2009
62%
33 Joe Namath 1965-1977
60%
19 Troy Aikman 1989-2000
60%
76 Alex Smith 2005-2020
58%
17 Roger Staubach 1969-1979
56%
15 Terry Bradshaw 1970-1983
56%
14 Bart Starr 1956-1971
53%
75 Jalen Hurts 2020-Present
53%
22 Jim Kelly 1986-1996
53%
11 Johnny Unitas 1956-1973
53%
71 Kirk Cousins 2012-Present
53%
57 Tony Romo 2003-2016
53%
77 Derek Carr 2014-Present
51%
13 Fran Tarkenton 1961-1978
51%
21 Warren Moon 1978-2000
51%
42 Donovan McNabb 1999-2011
49%
52 Michael Vick 2001-2015
49%
12 Otto Graham 1946-1955
47%
92 Bert Jones 1973-1981
44%
85 Brad Johnson 1992-2007
44%
84 Doug Williams 1978-1989
44%
88 Andy Dalton 2011-2023
42%
56 Carson Palmer 2003-2017
42%
51 Drew Bledsoe 1993-2007
42%
99 Ryan Tannehill 2012-2023
42%
23 Dan Fouts 1973-1987
38%
46 Joe Theismann 1974-1985
38%
65 Matt Hasselbeck 1998-2015
38%
39 Randall Cunningham 1985-2001
38%
44 Phil Simms 1979-1993
36%
45 Steve McNair 1995-2007
36%
36 Y.A. Tittle 1948-1964
36%
40 Ken Anderson 1971-1986
33%
47 Boomer Esiason 1984-1997
31%
30 Ken Stabler 1970-1984
31%
26 Sammy Baugh 1937-1952
31%
73 Vinny Testaverde 1987-2007
31%
74 Jeff Garcia 1994-2009
29%
81 Jim McMahon 1982-1996
29%
29 Len Dawson 1957-1975
29%
50 Rich Gannon 1987-2004
29%
98 Danny White 1974-1988
27%
27 Norm Van Brocklin 1949-1960
27%
34 Bob Griese 1967-1980
24%
78 Daunte Culpepper 1999-2009
24%
72 Dave Krieg 1977-1991
24%
80 Bernie Kosar 1985-1996
22%
31 Sid Luckman 1939-1950
22%
38 Sonny Jurgensen 1957-1974
22%
79 Brian Sipe 1974-1983
20%
68 Jim Plunkett 1971-1986
20%
82 Ron Jaworski 1973-1990
20%
54 George Blanda 1949-1975
18%
91 Trent Green 1994-2009
18%
37 Bobby Layne 1948-1962
16%
95 Jeff Hostetler 1984-1997
16%
90 Jim Everett 1986-1997
16%
67 Earl Morrall 1956-1976
13%
69 Jim Hart 1966-1983
13%
62 John Hadl 1962-1978
13%
94 Kerry Collins 1995-2011
13%
61 Mark Brunell 1993-2009
13%
58 Bob Waterfield 1945-1952
11%
89 Don Meredith 1960-1968
11%
64 John Brodie 1957-1973
11%
49 Roman Gabriel 1962-1977
11%
96 Craig Morton 1965-1979
9%
97 Mark Rypien 1986-1998
9%
60 Jack Kemp 1957-1980
7%
87 Norm Snead 1961-1976
7%
48 Daryle Lamonica 1963-1979
4%
70 Dutch Clark 1931-1941
0%
No matching quizzes found
Score Distribution
Percent of People with Each Score
Percentile by Number Answered
Your Score History
You have not taken this quiz